Регионална библиотека "Любен Каравелов" - Русе

Симфония "Европа" (Запис номер 487355)

MARC детайли
000 -Лидер
Контролно поле с фиксирана дължина nam a22 a 4500
003 - Код на организацията, давaща контролен номер
Контролно поле BLK
005 - Дата и час на последна редакция
Контролно поле 20230428112129.0
008 - Елементи от данни с фиксирана дължина
fixed length control field 180409b bul|||||r ||||||| ||bul||
020 ## - Международен стандартен номер на книга ISBN
Международен стандартен номер на книга ISBN 9786192590345
040 ## - Източник на каталожния запис
Идентификатор на билиотеката - собственик на записа BLK
041 ## - Код за език
Код за езика на текст/звукозапис или на отделно заглавие Български
Код за езика КДБФ Български
080 ## - УДК
Текстов определител УДК Унгарска литература
УДК код - определител по УДК 821.511.141
УДК определител -31
УДК - код + определител 821.511.141-31
100 ## - Редна дума - Автор
Автор Санто, Габор Т.
Авторска отговорност първи автор
R(LIN) 485597
139 ## - Редно поле
Редна дума Санто, Габор Т.
Авторски знак Сан - С 18
245 ## - Сведения за заглавието
Заглавие Симфония "Европа"
Подзаглавни данни Роман
Редно поле (дума) Габор Т. Санто ; прев. от унг. Юлия Крумова
260 ## - Област на издателските данни
Място на издаване, разпространение и проч. София
Име на издателя, разпространителя и проч. ЕРГО
Година на издаване 2022
Печатница София : Дайрект сървисиз
9 (RLIN) 212573
300 ## - Физическа характеристика
Страници 277 с.
Размери/Мащаб 20 см
380 ## - Жанр
Жанр Худож. лит.
490 ## - СЕРИИ (Колекции)
9 (RLIN) 204002
Име на серия Модерна европейска проза
500 ## - Общи забележки
Забележка Ориг. загл.: Európa szimfónia / Gábor T. Szántó<br/>Биогр. данни за авт. отбелязани на 3-та кор.
700 ## - Други автори (авторска отговорност)
Лично име Крумова, Юлия Георгиева
Автороска отговорност (Описва отношението между автора и произведението) прев. от унг.
9 (RLIN) 1170
852 ## - Местоположение
Форматна сигнатура Цб 315531
Фондова буква Хранилище
856 4# - Електронен адрес и достъп
Електронен формат pdf - файл
Инструкция (цена за достъп) 0.00
Права за достъп disable
999 ## - СИСТЕМНИ КОНТРОЛНИ НОМЕРА
Koha biblionumber 487355
Koha biblioitemnumber 487355
942 ## - АРТИКУЛИ
Вид на библиотечния материал Книги
Скрит в OPAC Не
Koha issues (borrowed), all copies 9
Периодичен библиозапис Да
944 ## - СЪЗДАВАНЕ И РЕДАКЦИЯ на ЗАПИСА
Създаване/Редакция Създаване
Дата на регистрацията/редакция 2022-12-15
Служител, извършил регистрацията/редакцията ВЙ
999 ## - СИСТЕМНИ КОНТРОЛНИ НОМЕРА
Koha biblioitemnumber 487355
999 ## - СИСТЕМНИ КОНТРОЛНИ НОМЕРА
Koha biblioitemnumber 487355
999 ## - СИСТЕМНИ КОНТРОЛНИ НОМЕРА
Koha biblioitemnumber 487355
Наличности
Код за отписване Код за изгубен артикул Източник на класификационната схема Код за повреда Коз за рестрикции Код за отдаване Артикулен № Име на библиотеката - собственик Име на библиотеката, в която се намира в момента Статус (Текущо местоположение) Дата на вписване в системата Местоположение - отдел Цена в лева Систематично азбучна сигнатура Баркод Цена в евро Служебен тип на артикула Инвентарен номер
  Не е изгубен Universal Decimal Classification Не е повреден само за читалня ползва се в читалня 920484 Регионална библиотека "Любен Каравелов" Русе Регионална библиотека "Любен Каравелов" Русе Хранилище 2022-12-19 Хранилище 18.00 Цб 315531 120000880385 9.20 Книги  
  Не е изгубен Universal Decimal Classification Не е повреден без рестрикции заемане за дома 927563 Регионална библиотека "Любен Каравелов" Русе Регионална библиотека "Любен Каравелов" Русе Заемна - подръчен фонд 2023-04-28 Заемна - подръчен фонд 18.00 821-31/С 18 Г 120000886766 9.20 Книги 120000886766
Vip Innovations Ltd, Rousse, Bulgaria 2025